Normal view
MARC view
- شركات الصرافة-الذكاء التنافسي
Entry Topical Term
001 - CONTROL NUMBER
- control field: 63566
003 - CONTROL NUMBER IDENTIFIER
- control field: JO-AjAnu
005 - DATE AND TIME OF LATEST TRANSACTION
- control field: 20230606084356.0
008 - FIXED-LENGTH DATA ELEMENTS
- fixed length control field: 230606|| aca||aabn | a|a d
040 ## - CATALOGING SOURCE
- Original cataloging agency: JO-AjAnu
- Transcribing agency: JO-AjAnu
150 ## - HEADING--TOPICAL TERM
- Topical term or geographic name entry element: شركات الصرافة-الذكاء التنافسي
670 ## - SOURCE DATA FOUND
- Source citation: Work cat.: (JO-AjAnu)32409: اعداد المحمد، رامي محمد عبدالله؛اشراف نضال فواز حسين القضاة, author 63565, اثر الرشاقة الاستراتيجية في تعزيز الذكاء التنافسي في شركات الصرافة بإقليم الشمال في الاردن، جودة علاقات الزبائن:كمتغير معدل=The Impact of Strategic Agility in Enhancing the Competitive Intelligence in Exchange Companies at Northern Region of Jordan, The Quality of Customers Relationship: as Moderating Varaible